[Event "Moscow Aeroflot op-A 16th"]
[Site "Moscow"]
[Date "2017.02.28"]
[Round "8"]
[White "Vitiugov, Nikita"]
[Black "Artemiev, Vladislav"]
[Result "1-0"]
[WhiteElo "2724"]
[BlackElo "2655"]
[Annotator "Yermolinsky,A"]
[PlyCount "77"]
[EventDate "2017.02.21"]
[EventType "swiss"]
[EventRounds "9"]
[EventCountry "RUS"]
[SourceTitle "CBM 177"]
[Source "ChessBase"]
[SourceDate "2017.03.16"]
[SourceVersion "1"]
[SourceVersionDate "2017.03.16"]
[SourceQuality "1"]

{Not so much luck for another talented youngster, Vladislav Artemiev. In the
following game he couldn't handle the pressure in the middlegame.} 1. e4 {
Normally, Vitiugov is a 1.d4 player, but the tournament situation called for
aggressive play.} c5 2. Nf3 d6 3. d4 cxd4 4. Nxd4 Nf6 5. Nc3 a6 6. Nb3 $5 {
A relatively fresh idea, effectively used by Grischuk in the World Rapid and
Blitz at the end of 2016.} Nc6 {Black has a buffet of different Sicilians to
choose from.} (6... e5 7. Bg5 {Grischuk beat Amonatov and Nepo from this
position.}) (6... g6 7. Be2 Bg7 {was seen twice in games between Nakamura and
Vachier-Lagrave, also in rapid chess last year.}) 7. Be3 e6 8. g4 {Keres
Attack Delayed?} h6 ({Perhaps we should follow the lead of a great expert in
the Sicilian, Boris Gelfand, who played} 8... b5 9. Bg2 Bb7 10. g5 Nd7 11. f4
Nb6 12. Qe2 Nc4 13. O-O-O {leading to a similar position, but without a
kingside weakening h-pawn move.}) 9. h4 b5 10. Bg2 Ne5 11. g5 Nfd7 12. f4 (12.
Qd4 hxg5 13. hxg5 Rxh1+ 14. Bxh1 Nc4 15. O-O-O Bb7) 12... Nc4 13. Qe2 Nxb2 $5 {
So Black played the principled move, snatching off that poisoned pawn. How
does White punish him? Easier said than done. It has to be g5-g6 somewhere.}
14. e5 {Nikita decided to strike in the centre first.} ({Maybe, right away?} 
14. g6 Bb7 15. gxf7+ Kxf7 16. e5 {was the right move order.}) 14... Rb8 $6 ({
A better move was the natural} 14... d5 15. g6 (15. Nxd5 $6 exd5 16. Bxd5 Bb4+
17. Kf1 Rb8 {White cannot succeed here, because arguably, his king is worse,
than Black's, and a piece is a piece.}) 15... Bb4 16. Bd4 Qc7 17. Rh3 Na4 {
and Black gets his play going.}) 15. g6 Nc4 16. gxf7+ Kxf7 17. Ba7 Rb7 18. Bd4
{Now White has compensation.} Ndb6 19. O-O d5 20. Rae1 (20. a4 $5 bxa4 21. f5 {
was a fascinating idea to undermine Black's strongholds on d5 and c4.} axb3 22.
fxe6+ Kg8 23. cxb3 Na3 24. Rf7 Qxh4 25. Bf2 Qg5 {All good, but how to proceed
here?}) 20... b4 {Nikita's move was not without poison. Clearly he anticipated
Black's b-pawn to move and prepared a sacrifice.} 21. Nxd5 $1 Nxd5 {Vladislav
decides to return the pawn, counting on a strong position of his Nd5.} (21...
exd5 22. Qh5+ Kg8 23. e6 {His king safety notwithstanding, it is going to be
difficult for Black to get his Rh8 into play.}) 22. Qxc4 Rc7 23. Qe2 g6 24. h5
$1 Rg8 25. Rf2 Nc3 $6 {It's strange Artemiev let Vituigov's queen take an
active position on the kingside, when he could have beaten him to the punch.} (
25... Qh4 $5 {Perhaps, he was concerned with} 26. Bxd5 exd5 27. e6+ Ke8 28. Rg2
{and missed a good move for himself:} Rxc2 $1 29. Qxc2 Qxe1+ {guaranteeing a
draw.}) 26. hxg6+ Rxg6 $2 (26... Kxg6 $1 27. Qd3+ Kg7 28. f5 Qh4 {with similar
counter-attacking ideas.}) 27. Qh5 Kg7 $2 {Third error in a row, and it's over.
} (27... Qe8 $142 28. Bxc3 Rxc3 29. Kh1 Rcg3 30. Be4 Kg7 {looking for
compensation the bishop pair might provide.}) 28. Bb6 $18 {As it always goes
in the Sicilian Black cannot afford to miss his chances, because, generally
speaking, his position is rather unsound and cannot be held with conventional
means.} Bb7 29. Bxc7 Qxc7 30. Kh2 Bxg2 31. Rxg2 Rxg2+ 32. Kxg2 Nd5 33. Qg4+ Kh7
34. Kh1 Qxc2 35. Qxe6 Qd3 36. Qg4 h5 37. Qxh5+ Bh6 38. Nc5 Qc4 39. Qf7+ 1-0